[Event "Gibtelecom Masters"]
[Site "Gibraltar"]
[Date "2009.01.27"]
[Round "1.8"]
[White "Berkes, Ferenc"]
[Black "Calzetta, Monica"]
[Result "1-0"]
[WhiteElo "2651"]
[BlackElo "2371"]
[PlyCount "58"]
[EventDate "2009.01.27"]

1. Nf3 Nf6 2. g3 g6 3. Bg2 Bg7 4. O-O O-O 5. d4 d6 6. Nc3 c6 7. e4 Na6 8. h3
Nd7 9. Be3 h6 10. Qd2 Kh7 11. Rad1 Qa5 12. a3 e5 13. Qc1 exd4 14. Rxd4 Bxd4 15.
Nxd4 h5 16. f4 Qd8 17. Qe1 Nac5 18. g4 hxg4 19. hxg4 Rh8 20. g5 Kg8 21. Qg3 Qe7
22. Nf3 Nxe4 23. Nxe4 Qxe4 24. Bd4 Rh5 25. Re1 Qxc2 26. f5 Nf8 27. Re8 Qd1+ 28.
Bf1 c5 29. Qxd6 Rxg5+ 1-0

[Event "Gibtelecom Masters"]
[Site "Gibraltar"]
[Date "2009.01.27"]
[Round "1.11"]
[White "Solomon, Kenny"]
[Black "Avrukh, Boris"]
[Result "0-1"]
[WhiteElo "2348"]
[BlackElo "2645"]
[PlyCount "98"]
[EventDate "2009.01.27"]

1. Nf3 c5 2. c4 Nc6 3. Nc3 e5 4. g3 g6 5. Bg2 Bg7 6. a3 Nge7 7. b4 d5 8. cxd5
Nxd5 9. Nxd5 Qxd5 10. Bb2 O-O 11. O-O e4 12. Bxg7 Kxg7 13. Ne1 Bf5 14. d3 Rad8
15. Qb1 Rfe8 16. bxc5 Nd4 17. e3 Nb3 18. Qb2+ Kg8 19. Rb1 Nxc5 20. d4 Na4 21.
Qxb7 Qa2 22. Qb3 Qxb3 23. Rxb3 Be6 24. Rb4 Nc3 25. f3 a5 26. Rb7 Bc4 27. Rf2
exf3 28. Bxf3 Rxe3 29. Nc2 Rd3 30. Rc7 Be6 31. Rc5 Nd1 32. Bxd1 Rxd1+ 33. Rf1
Rd2 34. Rf2 Rd3 35. Rxa5 Bh3 36. Re2 Rd6 37. Rae5 Rc6 38. R5e3 Rd1+ 39. Re1 Rd2
40. Re8+ Kg7 41. Nb4 Rf6 42. Nd5 Rff2 43. Ne3 h5 44. d5 Rxh2 45. d6 Bd7 46. Re5
Bc6 47. Nd5 Rdg2+ 48. Kf1 Bb5+ 49. R1e2 Bxe2+ 0-1

[Event "Gibtelecom Masters"]
[Site "Gibraltar"]
[Date "2009.01.27"]
[Round "1.12"]
[White "Socko, Bartosz"]
[Black "Maryasin, Boris"]
[Result "1-0"]
[WhiteElo "2631"]
[BlackElo "2340"]
[PlyCount "93"]
[EventDate "2009.01.27"]

1. e4 c5 2. Nf3 Nc6 3. d4 cxd4 4. Nxd4 Qb6 5. Nb3 Nf6 6. Nc3 e6 7. Qe2 d6 8. g4
h6 9. h4 a6 10. Be3 Qc7 11. O-O-O Ne5 12. Bh3 Qc4 13. Qxc4 Nxc4 14. Bf4 e5 15.
g5 hxg5 16. Bxg5 Be6 17. Bxf6 gxf6 18. Nd5 O-O-O 19. h5 Bh6+ 20. Kb1 Bg5 21.
Bf5 Kb8 22. a4 Bxd5 23. exd5 Nb6 24. a5 Nc8 25. c4 Ne7 26. Bd3 f5 27. Nc1 Kc7
28. Ne2 b6 29. f4 Bh6 30. axb6+ Kxb6 31. fxe5 dxe5 32. b4 Ka7 33. Ka2 Rhg8 34.
Rhg1 f4 35. Nc3 f5 36. Rxg8 Rxg8 37. d6 Nc6 38. Bxf5 f3 39. Be4 Nd4 40. Rf1
Rg2+ 41. Ka3 Rd2 42. d7 Bg5 43. h6 Rh2 44. h7 Kb6 45. Rg1 Bd8 46. Rg8 f2 47.
Rxd8 1-0

[Event "Gibtelecom Masters"]
[Site "Gibraltar"]
[Date "2009.01.27"]
[Round "1.15"]
[White "Forsaa, Espen"]
[Black "Ganguly, Surya Shekhar"]
[Result "0-1"]
[WhiteElo "2322"]
[BlackElo "2614"]
[PlyCount "70"]
[EventDate "2009.01.27"]

1. d4 Nf6 2. Bg5 d5 3. Bxf6 exf6 4. e3 c6 5. c4 dxc4 6. Bxc4 Bd6 7. Nc3 O-O 8.
Qf3 Qb6 9. Rb1 Qa5 10. Nge2 Nd7 11. O-O f5 12. a3 Qd8 13. Ng3 g6 14. e4 Nb6 15.
Qd3 f4 16. Nge2 f3 17. Ng3 fxg2 18. Rfe1 Nxc4 19. Qxc4 Qh4 20. e5 Be6 21. Qd3
Be7 22. Re4 Qh3 23. d5 Bf5 24. d6 Bxe4 25. Ncxe4 Bh4 26. Re1 Rae8 27. Nc5 b6
28. d7 Rd8 29. e6 bxc5 30. e7 Bxe7 31. Rxe7 Rb8 32. Qc3 Qh4 33. Qe5 Qd4 34.
Qxd4 cxd4 35. b4 Rfd8 0-1

[Event "Gibtelecom Masters"]
[Site "Gibraltar"]
[Date "2009.01.27"]
[Round "1.16"]
[White "Berg, Emanuel"]
[Black "Ashton, Adam G"]
[Result "1-0"]
[WhiteElo "2606"]
[BlackElo "2321"]
[PlyCount "57"]
[EventDate "2009.01.27"]

1. e4 e5 2. Nf3 Nc6 3. Bb5 a6 4. Ba4 Nf6 5. O-O Be7 6. Re1 b5 7. Bb3 O-O 8. h3
Bb7 9. d3 d6 10. c3 Na5 11. Bc2 c5 12. Nbd2 Re8 13. Nf1 h6 14. Ng3 Bf8 15. d4
cxd4 16. cxd4 exd4 17. Nxd4 d5 18. e5 Ne4 19. Ngf5 Rxe5 20. f3 Bc5 21. fxe4
dxe4 22. Kh1 Qd5 23. Qg4 g6 24. Nxh6+ Kh7 25. Bf4 Bxd4 26. Bxe5 Qxe5 27. Nxf7
Qf5 28. Ng5+ Kg8 29. Qh4 1-0

[Event "Gibtelecom Masters"]
[Site "Gibraltar"]
[Date "2009.01.27"]
[Round "1.18"]
[White "Golod, Vitali"]
[Black "Rasch, Holger"]
[Result "1-0"]
[WhiteElo "2575"]
[BlackElo "2301"]
[PlyCount "103"]
[EventDate "2009.01.27"]

1. d4 d5 2. c4 e6 3. Nc3 Nf6 4. cxd5 exd5 5. Bg5 c6 6. e3 Be7 7. Qc2 Nbd7 8.
Bd3 O-O 9. Nf3 Re8 10. h3 Nf8 11. O-O Nh5 12. Bxe7 Qxe7 13. Rab1 Be6 14. b4 Nf6
15. b5 c5 16. dxc5 Qxc5 17. Rfc1 Rec8 18. Qb2 N8d7 19. Ne2 Qf8 20. Ned4 Nc5 21.
Bc2 Nce4 22. b6 axb6 23. Bxe4 Rxc1+ 24. Rxc1 dxe4 25. Nxe6 fxe6 26. Nd4 Qd6 27.
Nb5 Qd5 28. Nc7 Rxa2 29. Qxb6 Qf5 30. Qxe6+ Qxe6 31. Nxe6 Nd5 32. Ng5 Kf8 33.
Nxe4 Ke7 34. Rb1 b6 35. g4 Ra4 36. Ng5 h6 37. Nf3 Kd6 38. Nd4 Kc5 39. Kg2 Nc3
40. Rb3 Nd5 41. Kf3 Ra5 42. Rb2 Kc4 43. Rc2+ Nc3 44. Ne2 Ra3 45. e4 b5 46.
Rxc3+ Rxc3+ 47. Nxc3 Kxc3 48. e5 b4 49. e6 b3 50. e7 b2 51. e8=Q b1=Q 52. Qe5+
1-0

[Event "Gibtelecom Masters"]
[Site "Gibraltar"]
[Date "2009.01.27"]
[Round "1.20"]
[White "Sandipan, Chanda"]
[Black "Thomassen, Joachim"]
[Result "1-0"]
[WhiteElo "2568"]
[BlackElo "2290"]
[PlyCount "57"]
[EventDate "2009.01.27"]

1. e4 c5 2. Nf3 d6 3. d4 cxd4 4. Nxd4 Nf6 5. Nc3 a6 6. a4 Nc6 7. Be2 e6 8. O-O
Be7 9. Be3 O-O 10. f4 Qc7 11. Qe1 Nxd4 12. Bxd4 e5 13. Be3 exf4 14. Bxf4 Be6
15. Qg3 Ne8 16. Kh1 Bf6 17. Bd3 Qc5 18. Rae1 Qh5 19. Be2 Qc5 20. Bd3 Qh5 21.
Qe3 Be5 22. Nd5 Bxd5 23. exd5 Nf6 24. Bxe5 Rfe8 25. Rf5 Qg4 26. h3 Qxa4 27. Qg3
Rxe5 28. Rexe5 dxe5 29. Rxf6 1-0

[Event "Gibtelecom Masters"]
[Site "Gibraltar"]
[Date "2009.01.27"]
[Round "1.22"]
[White "Cramling, Pia"]
[Black "Fruebing, Stefan"]
[Result "0-1"]
[WhiteElo "2548"]
[BlackElo "2307"]
[PlyCount "120"]
[EventDate "2009.01.27"]

1. d4 Nf6 2. Nf3 g6 3. c4 Bg7 4. Nc3 O-O 5. Bg5 c5 6. d5 d6 7. e3 h6 8. Bh4 e6
9. Nd2 exd5 10. cxd5 b6 11. Be2 Re8 12. O-O a6 13. a4 Nbd7 14. h3 Bb7 15. e4 g5
16. Bg3 Ne5 17. Re1 Nfd7 18. Qc2 Nf8 19. Nf1 Nfg6 20. Ne3 Nf4 21. Nf5 Neg6 22.
Nxg7 Kxg7 23. Bf1 Bc8 24. Rab1 Ne5 25. Kh1 Bd7 26. b4 c4 27. Qd2 Qf6 28. Qd4 b5
29. a5 h5 30. Bh2 h4 31. Re3 Rh8 32. Nd1 Rh6 33. Rc3 Neg6 34. Qxf6+ Kxf6 35.
Ne3 Ne5 36. Nc2 Ke7 37. Nd4 Re8 38. Kg1 Kd8 39. f3 Rf8 40. Kf2 f5 41. Bxf4 gxf4
42. Re1 Kc7 43. Rcc1 Rhf6 44. Rc3 Kb7 45. Rcc1 Rg8 46. Rc3 Rg5 47. Rec1 Kc7 48.
Rd1 Kd8 49. Ra1 Ke8 50. exf5 Bxf5 51. Nxb5 axb5 52. a6 Nd7 53. Ra5 Ke7 54. a7
Rf8 55. Rxb5 Bd3 56. Bxd3 cxd3 57. Rxd3 Rfg8 58. Rd2 Rxg2+ 59. Ke1 Rg1+ 60. Ke2
Ne5 0-1

[Event "Gibtelecom Masters"]
[Site "Gibraltar"]
[Date "2009.01.27"]
[Round "1.28"]
[White "Pavlovic, Milos"]
[Black "Peredy, Ferenc"]
[Result "1-0"]
[WhiteElo "2520"]
[BlackElo "2252"]
[PlyCount "87"]
[EventDate "2009.01.27"]

1. Nf3 Nf6 2. c4 g6 3. g3 Bg7 4. Bg2 c6 5. O-O O-O 6. b3 Ne4 7. d4 d5 8. Bb2 a5
9. Nc3 Bf5 10. Nh4 Nxc3 11. Bxc3 Be6 12. Qd3 Nd7 13. cxd5 cxd5 14. Nf3 Qb6 15.
Bb2 Bf5 16. Qd2 Rfc8 17. Rfc1 Nf6 18. Ne5 a4 19. bxa4 Rxc1+ 20. Rxc1 Rxa4 21.
a3 h5 22. e3 Ra8 23. Bc3 Ne4 24. Qb2 Qxb2 25. Bxb2 Rc8 26. Rxc8+ Bxc8 27. a4
Kf8 28. Ba3 Ke8 29. Bb4 e6 30. f3 Nf6 31. Bf1 Nd7 32. Bb5 Bxe5 33. dxe5 Kd8 34.
Ba5+ b6 35. Bc3 Kc7 36. Kg2 Bb7 37. Kh3 d4 38. exd4 Bxf3 39. Bd2 Bc6 40. Kh4
Nb8 41. Bb4 Bd5 42. Bd6+ Kc8 43. Bxb8 Kxb8 44. Kg5 {
rest of score illegible (47 moves)} 1-0

[Event "Gibtelecom Masters"]
[Site "Gibraltar"]
[Date "2009.01.27"]
[Round "1.29"]
[White "White, Michael J R"]
[Black "Dzagnidze, Nana"]
[Result "0-1"]
[WhiteElo "2251"]
[BlackElo "2518"]
[PlyCount "80"]
[EventDate "2009.01.27"]

1. e4 c5 2. Nf3 e6 3. d3 Nc6 4. g3 Nge7 5. Bg2 g6 6. O-O Bg7 7. Re1 d6 8. c3 e5
9. a3 O-O 10. b4 cxb4 11. axb4 b5 12. Na3 Rb8 13. Bb2 d5 14. exd5 Nxd5 15. Ng5
a5 16. Qb3 Nde7 17. bxa5 Nxa5 18. Qc2 Nec6 19. h4 h6 20. Ne4 Be6 21. Nc5 Bf5
22. Be4 Qd6 23. Nb3 Rfd8 24. Nxa5 Nxa5 25. Bxf5 gxf5 26. c4 Qxd3 27. Qxd3 Rxd3
28. cxb5 Nb3 29. Rad1 Nd2 30. Kg2 Nf3 31. Rh1 Rb3 32. Bc1 Nd4 33. Rhe1 Rc8 34.
Re3 Rb4 35. Bd2 Ra4 36. Bc3 f4 37. Red3 Rxa3 38. Bxd4 Rxd3 39. Rxd3 exd4 40.
gxf4 f5 0-1

[Event "Gibtelecom Masters"]
[Site "Gibraltar"]
[Date "2009.01.27"]
[Round "1.30"]
[White "Papp, Gabor"]
[Black "Chapman, Terry P D"]
[Result "1-0"]
[WhiteElo "2517"]
[BlackElo "2251"]
[PlyCount "71"]
[EventDate "2009.01.27"]

1. e4 d6 2. d4 Nf6 3. Nc3 g6 4. f4 Bg7 5. Nf3 O-O 6. Bd3 Na6 7. O-O c5 8. d5
Bg4 9. Bc4 Nc7 10. h3 Bxf3 11. Qxf3 e6 12. a4 exd5 13. exd5 a6 14. a5 Nb5 15.
Bxb5 axb5 16. Nxb5 Rxa5 17. Rxa5 Qxa5 18. c4 Qd8 19. Bd2 Re8 20. f5 Ne4 21.
fxg6 fxg6 22. Bf4 Kh8 23. Re1 Nf6 24. Re6 Rxe6 25. dxe6 d5 26. Nd6 Qe7 27. cxd5
Nh5 28. Nf7+ Kg8 29. Bg5 Bd4+ 30. Kh2 Qe8 31. g4 Ng7 32. Bf6 h5 33. Bxd4 cxd4
34. Ng5 Kh8 35. d6 d3 36. e7 1-0

[Event "Gibtelecom Masters"]
[Site "Gibraltar"]
[Date "2009.01.27"]
[Round "1.33"]
[White "Hartvig, Ove Weiss"]
[Black "Szabo, Krisztian"]
[Result "1/2-1/2"]
[WhiteElo "2237"]
[BlackElo "2508"]
[PlyCount "66"]
[EventDate "2009.01.27"]

1. e4 e5 2. Nf3 Nc6 3. Bb5 a6 4. Bxc6 dxc6 5. O-O Qd6 6. a4 Ne7 7. Na3 Ng6 8.
Nc4 Qe6 9. b3 c5 10. c3 Be7 11. d4 exd4 12. cxd4 Qxe4 13. Re1 Qd5 14. Ba3 O-O
15. dxc5 Be6 16. Nd4 Bxc5 17. Nxe6 fxe6 18. Bxc5 Qxc5 19. Qe2 Rae8 20. Rac1 Qg5
21. Rc3 Rf4 22. Rg3 Qf6 23. Re3 Rd4 24. g3 Nf8 25. Ne5 c6 26. Rf3 Qg5 27. Rf7
Rb4 28. Qb2 Rd8 29. f4 Qh6 30. Ng4 Qg6 31. Ne5 Qh6 32. Ng4 Qg6 33. Ne5 Qh6
1/2-1/2

[Event "Gibtelecom Masters"]
[Site "Gibraltar"]
[Date "2009.01.27"]
[Round "1.34"]
[White "Arakhamia-Grant, Ketevan"]
[Black "Spence, David J"]
[Result "1-0"]
[WhiteElo "2500"]
[BlackElo "2223"]
[PlyCount "79"]
[EventDate "2009.01.27"]

1. e4 e6 2. d4 d5 3. Nc3 Bb4 4. e5 c5 5. a3 Bxc3+ 6. bxc3 Qa5 7. Bd2 Qa4 8. Qb1
c4 9. Nf3 Nc6 10. Be2 Bd7 11. O-O O-O-O 12. Qb2 h6 13. Rab1 b6 14. h4 f5 15. h5
Nge7 16. Nh4 Rdg8 17. g3 Be8 18. Kg2 Na5 19. Rh1 Bf7 20. Qb4 Qe8 21. a4 Nac6
22. Qa3 Kb7 23. a5 Nc8 24. axb6 axb6 25. Ng6 Bxg6 26. hxg6 Qe7 27. Qa4 N8a7 28.
Bc1 Ra8 29. Ba3 Qd7 30. Bc5 Nc8 31. Qb5 Ra5 32. Qb2 N6a7 33. Bxb6 Rb5 34. Bxa7
Rxb2 35. Rxb2+ Kc6 36. Bc5 Qc7 37. Ra1 Rg8 38. Ra6+ Kd7 39. Bd6 Nxd6 40. exd6
1-0

[Event "Gibtelecom Masters"]
[Site "Gibraltar"]
[Date "2009.01.27"]
[Round "1.35"]
[White "Dunn, Andrew"]
[Black "Hauchard, Arnaud"]
[Result "0-1"]
[WhiteElo "2216"]
[BlackElo "2497"]
[PlyCount "70"]
[EventDate "2009.01.27"]

1. d4 g6 2. c4 Bg7 3. Nc3 d6 4. e4 Nd7 5. Be2 e5 6. Nf3 Ne7 7. Be3 O-O 8. Qd2
f5 9. Bg5 fxe4 10. Nxe4 Qe8 11. d5 Nf5 12. Qc2 b6 13. h4 Nc5 14. Bd2 Nd4 15.
Nxd4 exd4 16. Bd3 Bf5 17. f3 Bxe4 18. fxe4 Qe5 19. O-O-O Rf2 20. b4 Nxd3+ 21.
Qxd3 Rxg2 22. Rdg1 Rxg1+ 23. Rxg1 Rf8 24. Rg2 Qh5 25. Qh3 d3 26. Rg1 Qe2 27.
Qe6+ Kh8 28. Rd1 Be5 29. Qe7 Kg8 30. Qe6+ Rf7 31. Qe8+ Kg7 32. h5 Qxh5 33. c5
bxc5 34. bxc5 Qf3 35. Re1 Qf2 0-1

[Event "Gibtelecom Masters"]
[Site "Gibraltar"]
[Date "2009.01.27"]
[Round "1.36"]
[White "Cmilyte, Viktorija"]
[Black "Pantaleoni, Claudio"]
[Result "1/2-1/2"]
[WhiteElo "2497"]
[BlackElo "2211"]
[PlyCount "117"]
[EventDate "2009.01.27"]

1. d4 d5 2. c4 e5 3. dxe5 d4 4. Nf3 Nc6 5. g3 Nge7 6. Bg2 Ng6 7. Qb3 Bb4+ 8.
Nbd2 a5 9. O-O O-O 10. a3 a4 11. Qc2 Be7 12. b4 axb3 13. Nxb3 Ngxe5 14. Nxe5
Nxe5 15. Be4 h6 16. Bf4 Ng6 17. Bxh6 gxh6 18. Bxg6 fxg6 19. Qxg6+ Kh8 20. Qxh6+
Kg8 21. Qg6+ Kh8 22. Rad1 c5 23. Nxc5 Bxc5 24. Qh5+ Kg7 25. Qxc5 Ra5 26. Qxd4+
Qxd4 27. Rxd4 Rxa3 28. f3 Rc3 29. Rb1 Rf7 30. Kf2 Be6 31. Rf4 Rc7 32. Rb6 Bxc4
33. Rg4+ Kf8 34. Re4 Rg7 35. h4 Rc2 36. g4 Ba6 37. Rbe6 Bc4 38. Rf6+ Kg8 39.
Rb6 Rf7 40. Re5 Ra2 41. g5 Ra6 42. Rxa6 Bxa6 43. Re6 Bc4 44. Rb6 Bd5 45. Kg3
Bc6 46. e4 Rd7 47. h5 Rd1 48. Rb4 Rg1+ 49. Kh4 Rh1+ 50. Kg4 Bd7+ 51. Kg3 Bc6
52. f4 Rxh5 53. Kg4 Rh1 54. f5 Ra1 55. e5 Rg1+ 56. Kf4 Rf1+ 57. Kg4 Rg1+ 58.
Kh5 Rh1+ 59. Kg4 1/2-1/2

[Event "Gibtelecom Masters"]
[Site "Gibraltar"]
[Date "2009.01.27"]
[Round "1.37"]
[White "Daoudi, Kamal"]
[Black "Al Sayed, Mohamad N"]
[Result "0-1"]
[WhiteElo "2209"]
[BlackElo "2488"]
[PlyCount "98"]
[EventDate "2009.01.27"]

1. e4 c5 2. Nf3 Nc6 3. d4 cxd4 4. Nxd4 g6 5. Nc3 Bg7 6. Be3 Nf6 7. Nxc6 bxc6 8.
e5 Nd5 9. Nxd5 cxd5 10. Qxd5 Rb8 11. Bc4 O-O 12. O-O-O d6 13. Bxa7 Be6 14. Qd3
Bxc4 15. Qxc4 Rc8 16. Qb3 Qa5 17. Bb6 Qxe5 18. a4 Ra8 19. Rd5 Qe4 20. a5 Rfb8
21. f3 Qe2 22. g4 e6 23. Rxd6 Rxa5 24. Bxa5 Rxb3 25. Rd8+ Bf8 26. cxb3 Qa6 27.
b4 Kg7 28. Rhd1 Qc6+ 29. Kb1 Qxf3 30. b5 Qe4+ 31. R1d3 Bc5 32. b6 e5 33. b7
Qxb7 34. Bc3 Qe4 35. Ka2 Bb4 36. h3 Bxc3 37. Rxc3 Qa4+ 38. Kb1 Kh6 39. b3 Qf4
40. Rd7 e4 41. Re7 Kg5 42. b4 h5 43. Rc5+ Kh4 44. gxh5 gxh5 45. Ree5 e3 46.
Rxh5+ Kg3 47. Rhg5+ Kh2 48. Rg4 Qf1+ 49. Rc1 e2 0-1

[Event "Gibtelecom Masters"]
[Site "Gibraltar"]
[Date "2009.01.27"]
[Round "1.40"]
[White "Kiik, Kalle"]
[Black "Bravetti, Antonio"]
[Result "1-0"]
[WhiteElo "2466"]
[BlackElo "2205"]
[PlyCount "95"]
[EventDate "2009.01.27"]

1. e4 c5 2. c3 d5 3. exd5 Qxd5 4. d4 cxd4 5. cxd4 Nc6 6. Nf3 e5 7. Nc3 Bb4 8.
Be2 exd4 9. O-O Qd8 10. Nb5 Nge7 11. Nfxd4 O-O 12. Bg5 Nxd4 13. Qxd4 Qxd4 14.
Nxd4 h6 15. Bf4 Bc5 16. Rfd1 Bxd4 17. Rxd4 Nc6 18. Rd6 Be6 19. a3 Bb3 20. Rd7
Rfd8 21. Rxb7 Nd4 22. Ba6 Bd5 23. Re7 Kf8 24. Re5 f6 25. Rh5 g5 26. Be3 Nf5 27.
Bc5+ Kg7 28. Rh3 Nh4 29. Bf1 Be6 30. Re3 Rd5 31. b4 Re5 32. Rxe5 fxe5 33. b5
Kf6 34. a4 Nf5 35. Rd1 Bb3 36. Rd7 Bxa4 37. Bxa7 Ke6 38. Rc7 Nd4 39. b6 Kd6 40.
b7 Rxa7 41. b8=Q Rxc7 42. Qb4+ Ke6 43. Bc4+ Kf5 44. Qxa4 Rc6 45. h3 Rd6 46. Qe8
Rc6 47. Qf7+ Rf6 48. g4+ 1-0

[Event "Gibtelecom Masters"]
[Site "Gibraltar"]
[Date "2009.01.27"]
[Round "1.42"]
[White "Bruno, Fabio"]
[Black "Van Den Bersselaar, Jeroen"]
[Result "1-0"]
[WhiteElo "2460"]
[BlackElo "2191"]
[PlyCount "107"]
[EventDate "2009.01.27"]

1. d4 d5 2. Bf4 Nf6 3. e3 c5 4. c3 Nc6 5. Nd2 Bf5 6. Qb3 Qd7 7. dxc5 e5 8. Bg3
Bxc5 9. Ngf3 Qe7 10. Bb5 Bd6 11. Bh4 a6 12. Be2 Be6 13. Ng5 O-O 14. e4 Na5 15.
Qa4 Qc7 16. Nxe6 fxe6 17. O-O b5 18. Qc2 Rac8 19. Qd3 Nc4 20. exd5 Nxb2 21. Qc2
Na4 22. Bxf6 gxf6 23. dxe6 Nxc3 24. Ne4 Nxe2+ 25. Qxe2 f5 26. Ng3 Qe7 27. a4
Rc5 28. axb5 axb5 29. Ra6 Rd5 30. Rc1 Qg5 31. Rd1 Rxd1+ 32. Qxd1 Be7 33. Ra7
Rc8 34. Nf1 Rd8 35. Qe2 f4 36. Qf3 b4 37. h3 Qf6 38. Qb7 Kf8 39. Ra6 Rd6 40.
Ra8+ Kg7 41. Ra7 Kf8 42. Qb8+ Rd8 43. Qb6 e4 44. Rb7 Qd4 45. Qa5 Qd5 46. Rb5
Qxe6 47. Re5 Qc6 48. Rf5+ Kg7 49. Qe5+ Bf6 50. Qxf4 Re8 51. Ng3 Re6 52. Nh5+
Kf7 53. Qh6 Qc3 54. Qg7+ 1-0

[Event "Gibtelecom Masters"]
[Site "Gibraltar"]
[Date "2009.01.27"]
[Round "1.44"]
[White "Socko, Monika"]
[Black "Walton, Alan J"]
[Result "1-0"]
[WhiteElo "2449"]
[BlackElo "2189"]
[PlyCount "85"]
[EventDate "2009.01.27"]

1. d4 e6 2. Nf3 f5 3. g3 Nf6 4. Bg2 Be7 5. O-O O-O 6. b3 d6 7. Bb2 Qe8 8. Nbd2
Nc6 9. e3 Qg6 10. c4 Nd8 11. Rc1 Nf7 12. c5 d5 13. b4 Ne4 14. b5 Qh6 15. Qe2
Nfg5 16. Nxg5 Bxg5 17. Nf3 Bf6 18. c6 b6 19. a4 a6 20. Ra1 Qh5 21. Qc2 Be7 22.
Ne5 Nd6 23. Ba3 axb5 24. axb5 Qe8 25. Bxd6 Rxa1 26. Rxa1 Bxd6 27. f4 Qe7 28.
Nd3 g5 29. fxg5 Qxg5 30. Qe2 Kf7 31. Nf4 Ke7 32. Kh1 Rg8 33. Bf3 Qg7 34. Rd1
Qh6 35. Qg2 Kd8 36. Be2 Qf8 37. Qh3 Rg7 38. Qh6 Qe7 39. Ra1 Bxf4 40. Qxf4 Qb4
41. Qe5 Qe7 42. Rf1 Rg8 43. Rxf5 1-0

[Event "Gibtelecom Masters"]
[Site "Gibraltar"]
[Date "2009.01.27"]
[Round "1.47"]
[White "Hagesaether, Arne"]
[Black "Devereaux, Maxim L"]
[Result "0-1"]
[WhiteElo "2184"]
[BlackElo "2437"]
[PlyCount "126"]
[EventDate "2009.01.27"]

1. e4 c5 2. Nc3 Nc6 3. f4 g6 4. Nf3 Bg7 5. Bc4 Na5 6. Qe2 a6 7. e5 Nh6 8. b3
O-O 9. Bd5 Rb8 10. Ba3 Qc7 11. Ng5 Nf5 12. O-O b5 13. Be4 Nd4 14. Qf2 e6 15.
Ne2 Nxe2+ 16. Qxe2 d5 17. exd6 Qxd6 18. Rab1 b4 19. Bc1 Nc6 20. Bxc6 Qxc6 21.
Bb2 Bxb2 22. Rxb2 Bb7 23. d3 Qd6 24. Rbb1 Rbd8 25. Kh1 h6 26. Nh3 Qd5 27. Rbe1
Qf5 28. Qe3 Qg4 29. Rf2 Rd5 30. Rf3 Rh5 31. Rg3 Qf5 32. Ng1 Rh4 33. Rf1 Rd8 34.
h3 Rd4 35. Ne2 Rd5 36. Kg1 Qf6 37. Qf2 Rhh5 38. Re3 Rd8 39. Ng3 Rhd5 40. Re4
Rd4 41. Re5 R8d5 42. Re3 Rd8 43. Re5 Rc8 44. Kh2 Rd5 45. Re4 a5 46. Qe2 Rd4 47.
Rxd4 cxd4 48. Rf2 Rc5 49. Kg1 Qd8 50. Ne4 Rc8 51. Qd1 Bxe4 52. dxe4 Rc3 53. Rd2
Qc7 54. e5 d3 55. Rxd3 Rxc2 56. Kh2 Rxa2 57. Qf3 Kg7 58. Qa8 Qc1 59. Rf3 Qd2
60. Rf1 Qe2 61. Kg1 a4 62. bxa4 b3 63. f5 gxf5 0-1

[Event "Gibtelecom Masters"]
[Site "Gibraltar"]
[Date "2009.01.27"]
[Round "1.49"]
[White "Salem, Ihab"]
[Black "Hommeles, Theo"]
[Result "0-1"]
[WhiteElo "2171"]
[BlackElo "2410"]
[PlyCount "104"]
[EventDate "2009.01.27"]

1. e4 c5 2. c3 d5 3. exd5 Qxd5 4. d4 g6 5. dxc5 Qxc5 6. Be3 Qc7 7. Na3 Nc6 8.
Nf3 Nh6 9. Bd4 f6 10. Bc4 Nxd4 11. Nxd4 a6 12. O-O e5 13. Ndc2 Bg4 14. f3 Bf5
15. Qe2 Bc5+ 16. Kh1 O-O-O 17. b4 Ba7 18. Ne3 Kb8 19. Nd5 Rxd5 20. Bxd5 Qxc3
21. Nb5 axb5 22. Qxb5 Qc7 23. a4 Bd7 24. Qd3 Rd8 25. Rfc1 Bc6 26. Qc4 Rxd5 27.
b5 Rc5 28. Qb4 Bxf3 29. Qd2 Bxg2+ 30. Kxg2 Nf5 31. a5 Nd4 32. Rxc5 Bxc5 33. Qa2
Qc8 34. h3 Nxb5 35. a6 bxa6 36. Qxa6 Qb7+ 37. Qxb7+ Kxb7 38. Ra5 Kc6 39. Ra6+
Bb6 40. Ra8 Nd6 41. Rh8 Kd5 42. Rxh7 Ke6 43. h4 Kf5 44. h5 gxh5 45. Rxh5+ Kg4
46. Rh8 Ne4 47. Rb8 Bd4 48. Rb3 f5 49. Rb8 f4 50. Rg8+ Ng5 51. Re8 f3+ 52. Kf1
Ne4 0-1

[Event "Gibtelecom Masters"]
[Site "Gibraltar"]
[Date "2009.01.27"]
[Round "1.50"]
[White "Karim, Ismael"]
[Black "Heinis, Vincent"]
[Result "1/2-1/2"]
[WhiteElo "2407"]
[BlackElo "2170"]
[PlyCount "81"]
[EventDate "2009.01.27"]

1. e4 d5 2. exd5 Qxd5 3. Nc3 Qa5 4. d4 Nf6 5. Nf3 Bg4 6. h3 Bh5 7. g4 Bg6 8.
Ne5 e6 9. Nc4 Qa6 10. Bf4 Qc6 11. Rg1 Bb4 12. Bd2 Nbd7 13. Qe2 Bxc3 14. Bxc3
Nd5 15. Bd2 O-O 16. h4 b5 17. Ne3 Rab8 18. Bg2 N7f6 19. h5 Be4 20. Bxe4 Nxe4
21. Nf1 Nxd2 22. Qxd2 b4 23. h6 e5 24. O-O-O Nc3 25. Qg5 Nxa2+ 26. Kd2 g6 27.
Qxe5 f6 28. Qc5 Qxc5 29. dxc5 Rbd8+ 30. Ke2 Rxd1 31. Kxd1 Rd8+ 32. Ke1 b3 33.
cxb3 Nc1 34. Ne3 Nd3+ 35. Ke2 Nxc5 36. Ra1 Nxb3 37. Rxa7 Nd4+ 38. Ke1 Ne6 39.
Ra5 Nf4 40. Ra4 g5 41. Rc4 1/2-1/2

[Event "Gibtelecom Masters"]
[Site "Gibraltar"]
[Date "2009.01.27"]
[Round "1.51"]
[White "Tate, Alan"]
[Black "Nezad, Husein Aziz"]
[Result "1-0"]
[WhiteElo "2170"]
[BlackElo "2403"]
[PlyCount "91"]
[EventDate "2009.01.27"]

1. e4 c6 2. d4 d5 3. e5 Bf5 4. h4 h5 5. c4 e6 6. Nc3 Be7 7. Nf3 Nd7 8. cxd5
cxd5 9. Bg5 Bg4 10. Be2 a6 11. Qd2 Rc8 12. Ng1 Nb6 13. Bxe7 Nxe7 14. b3 Bf5 15.
Bd3 Nd7 16. Nge2 Nb8 17. O-O Nbc6 18. Rac1 O-O 19. Na4 Bxd3 20. Qxd3 Nf5 21. g3
Qe7 22. Nb6 Rcd8 23. Qd2 f6 24. exf6 Qxf6 25. Rcd1 e5 26. dxe5 Nxe5 27. Qf4 d4
28. Nc4 Nxc4 29. bxc4 Qc6 30. Qg5 d3 31. Nf4 Nd4 32. Rxd3 Ne2+ 33. Nxe2 Rxd3
34. Nf4 Rd7 35. Ng6 Qxc4 36. Nxf8 Kxf8 37. Qxh5 Qd5 38. Qh8+ Kf7 39. Re1 Rd8
40. Qh7 Qxa2 41. h5 Qd2 42. Re4 Qd1+ 43. Kh2 Qa1 44. Rf4+ Ke6 45. Qf5+ Kd6 46.
Qd3+ 1-0

[Event "Gibtelecom Masters"]
[Site "Gibraltar"]
[Date "2009.01.27"]
[Round "1.52"]
[White "Vea, Odin Blikra"]
[Black "Suez-Panama, Gilles"]
[Result "1-0"]
[WhiteElo "2169"]
[BlackElo "2032"]
[PlyCount "102"]
[EventDate "2009.01.27"]

1. e4 e6 2. d4 d5 3. Nd2 Nf6 4. e5 Nfd7 5. Bd3 c5 6. c3 Nc6 7. Ne2 cxd4 8. cxd4
f6 9. exf6 Qxf6 10. Nf3 h6 11. O-O Bd6 12. Be3 O-O 13. Ng3 Rf7 14. Rc1 Nf8 15.
Bb1 Bd7 16. Qb3 Be8 17. Qd1 Rc7 18. Qd2 Rac8 19. Ne2 Bh5 20. Ne1 Bxe2 21. Qxe2
Nxd4 22. Bxd4 Qxd4 23. Rxc7 Rxc7 24. Nf3 Qf6 25. g3 Rf7 26. Kg2 b6 27. a3 a5
28. h3 Nd7 29. Nh2 Ne5 30. b3 Bxa3 31. f4 Nd7 32. Ng4 Qb2 33. Bc2 h5 34. Ne3
Nf6 35. Rf2 Qd4 36. Bg6 Re7 37. Nc2 Qc5 38. Qe5 Kf8 39. Nxa3 Qxa3 40. f5 Rd7
41. fxe6 Rb7 42. Qxd5 Qe7 43. Qxh5 Qxe6 44. Qh8+ Qg8 45. Rxf6+ gxf6 46. Qxf6+
Rf7 47. Qxf7+ Qxf7 48. Bxf7 Kxf7 49. Kf2 b5 50. Ke2 a4 51. bxa4 bxa4 1-0

[Event "Gibtelecom Masters"]
[Site "Gibraltar"]
[Date "2009.01.27"]
[Round "1.53"]
[White "Brown, Thomas"]
[Black "Steffenello, Leonard"]
[Result "1-0"]
[WhiteElo "2027"]
[BlackElo "2164"]
[PlyCount "45"]
[EventDate "2009.01.27"]

1. d4 Nf6 2. c4 e6 3. Nc3 Bb4 4. e3 b6 5. Nge2 Ba6 6. Ng3 Nc6 7. Qa4 Bb7 8. Bd3
h5 9. Bd2 h4 10. Nge4 Nxe4 11. Bxe4 Qe7 12. a3 Nd8 13. d5 exd5 14. cxd5 Bxc3
15. Bxc3 h3 16. g3 f6 17. Bf3 Nf7 18. O-O Ng5 19. Bh1 O-O-O 20. Qxa7 Ne4 21.
Bd4 Nc5 22. b4 Nd3 23. d6 1-0

[Event "Gibtelecom Masters"]
[Site "Gibraltar"]
[Date "2009.01.27"]
[Round "1.54"]
[White "Byron, Alan M"]
[Black "Dasaolu, Adeoye"]
[Result "1-0"]
[WhiteElo "2162"]
[BlackElo "2024"]
[PlyCount "63"]
[EventDate "2009.01.27"]

1. e4 c5 2. Nf3 d6 3. d4 cxd4 4. Nxd4 a6 5. Nc3 Nf6 6. a4 e6 7. Be2 Be7 8. O-O
Qc7 9. Be3 O-O 10. Kh1 e5 11. Nb3 Be6 12. f4 Nbd7 13. f5 Bc4 14. g4 Bxe2 15.
Qxe2 Qc6 16. Qf3 d5 17. exd5 Qc4 18. g5 Ne8 19. Nd2 Qb4 20. Nde4 Nd6 21. f6 Bd8
22. Rad1 Rc8 23. Nxd6 Qxd6 24. Ne4 Qb4 25. c3 Qxb2 26. fxg7 Kxg7 27. Qf5 Rc4
28. Rd2 Qa3 29. Rg2 Qxa4 30. Nf6 Nxf6 31. gxf6+ Kh8 32. Qg5 1-0